logo

Bir Sreshtho Munshi Abdur Rouf Library
Jhenaidah Cadet College

Basic electronics for scientists (Record no. 8251)

MARC details
000 -LEADER
fixed length control field 00712nam a2200265 4500
001 - CONTROL NUMBER
JCCL Control Number 8251
003 - CONTROL NUMBER IDENTIFIER
JCCL marc code BD-JhCC
005 - DATE AND TIME OF LATEST TRANSACTION
control field 20190620134008.0
008 - FIXED-LENGTH DATA ELEMENTS--GENERAL INFORMATION
fixed length control field 711216t19711972nyua b 001 0 eng
020 ## - INTERNATIONAL STANDARD BOOK NUMBER
International Standard Book Number 0070081298
035 ## - SYSTEM CONTROL NUMBER
system control number (BD-JhCC)8251
040 ## - CATALOGING SOURCE
Original cataloging agency DLC
Transcribing agency DLC
Modifying agency DLC
-- BD-JhCC
041 ## - LANGUAGE CODE
Language code of Book eng
050 00 - LIBRARY OF CONGRESS CALL NUMBER
Classification number TK7815
Item number .B74 1971
082 00 - DEWEY DECIMAL CLASSIFICATION NUMBER
Classification number 621.381
Author mark and Year BRO 1971
100 1# - MAIN ENTRY--PERSONAL NAME
Personal name Brophy, James John,
Dates associated with a name 1926-
245 10 - TITLE STATEMENT
Title Basic electronics for scientists
Statement of responsibility, etc [by] James J. Brophy.
250 ## - EDITION STATEMENT
Edition statement 5th ed.
260 ## - PUBLICATION, DISTRIBUTION, ETC. (IMPRINT)
Place of publication, distribution, etc New York,
Name of publisher, distributor, etc McGraw-Hill
Date of publication, distribution, etc [1971, c1972]
300 ## - PHYSICAL DESCRIPTION
Pagination xiv, 511 p.
Other physical details illus.
Dimensions 23 cm.
504 ## - BIBLIOGRAPHY, ETC. NOTE
Bibliography, etc Includes bibliographies.
650 #0 - SUBJECT ADDED ENTRY--TOPICAL TERM
Topical term or geographic name as entry element Electronics.
942 ## - ADDED ENTRY ELEMENTS (KOHA)
Source of classification or shelving scheme Dewey Decimal Classification
Koha item type Books
Koha issues (borrowed), all copies 2
Holdings
Source of classification or shelving scheme Damaged status Not for loan Home library Current library Shelving location Total Checkouts Full call number Barcode Date last seen Date checked out Copy number Koha item type
Dewey Decimal Classification     JCC Rouf Library JCC Rouf Library General Stacks 1 621.381 BRO 1971 10834 07/10/2019 06/19/2019 C - 1 Books

JCC Library | Contacts | JCC Home

Last Update on 23 September 2017
Copyright @ 2017-2020 JCC Rouf Library
Rouf Library, Jhenidah Cadet College (JCC), Bangladesh